000 00597nam a2200181 i 4500
001 62670
003 ES-MaACL
005 20250625063145.0
007 t|
008 031124s1903 sp ||||1| spa d
100 1 _aFernández Ascarza, Victoriano,
_d1870-1934
_949486
245 1 0 _aAstronomía Físca, mecánica estelar y espectro-fotográfico /
_cVictoriano Fernández Ascarza.
260 _aMadrid :
_b[s.n.],
_c1903 (
_fVda. e Hijos de M. Tello)
300 _aVI, 112 p. :
_bil. ;
_c20 cm.
502 _aTesis Doctoral.
852 _aES-MaACL
_jT-1044-F-3
999 _c62670
_d62670